|
|
|
|
| LEADER |
00000nab#a22000007a#4500 |
| 001 |
arbauad015790 |
| 003 |
AR-BaUAD |
| 005 |
20250711111447.0 |
| 008 |
951204|||||||||###||||||b###|0###a|spa|| |
| 040 |
|
|
|a AR-BaUAD
|c AR-BaUAD
|b spa
|
| 100 |
|
|
|a Fayet, Caroline de
|
| 245 |
|
|
|a Tour de Mode en Accessoires /
|c Caroline de Fayet;
|
| 300 |
0 |
|
|b fot.
|
| 500 |
|
|
|a Accesorios de indumentaria, calzado y carteras en diversos materiales.
|
| 653 |
|
|
|a FRANCIA
|
| 653 |
|
|
|a ACCESORIOS
|
| 653 |
|
|
|a INDUMENTARIA FEMENINA
|
| 653 |
|
|
|a CALZADO
|
| 653 |
|
|
|a CINTURONES
|
| 653 |
|
|
|a CARTERAS
|
| 653 |
|
|
|a RELOJES PULSERA
|
| 653 |
|
|
|a BIJOUTERIE
|
| 653 |
|
|
|a MODA
|
| 653 |
|
|
|a DISEÑO DE INDUMENTARIA
|
| 773 |
0 |
|
|t Elle
|g no. 2598 [oct. 1995], p. 132-163
|
| 942 |
|
|
|c ARTI
|
| 952 |
|
|
|0 0
|1 0
|4 0
|7 0
|9 60710
|a AR-BAuAD
|b AR-BAuAD
|d 2025-07-11
|l 0
|p AAQA015790
|r 2025-07-11 11:14:47
|w 2025-07-11
|y ARTI
|
| 990 |
|
|
|a DT199
|b TD
|
| 998 |
|
|
|a AAQ
|b BIBUN76
|
| 999 |
|
|
|c 40383
|d 40383
|